000 00522nam a2200169 4500
003 LK-CoMWRAF
005 20240217002734.0
008 231208b |||||||| |||| 00| 0 eng d
040 _aLK-CoMWRAF
_dLK-CoMWRAF
_eLK-CoMWRAF
041 _atam
082 _a300
_bADA
100 _aஆதம், சுல்பிகா
245 _aகட்ட விமும் முடிச்சுக்கள்
260 _aColombo :
_bMuslim Women's Research and Action Forum - MWRAF,
_c1995
300 _a73 p.
942 _cBK
999 _c4319
_d4319